Регионална библиотека "Любен Каравелов" - Русе

Елена Стефанова (Запис номер 116132)

MARC детайли
000 -Лидер
Контролно поле с фиксирана дължина 01996nam a2200517 c 4500
003 - Код на организацията, давaща контролен номер
Контролно поле BLK
005 - Дата и час на последна редакция
Контролно поле 20240731132108.0
008 - Елементи от данни с фиксирана дължина
fixed length control field 180409b bul|||||r ||||||| ||bul||
010 ## - Наследен системен номер
LC control number KNG00121661000
040 ## - Източник на каталожния запис
Идентификатор на билиотеката - собственик на записа BLK
041 ## - Код за език
Код за езика на текст/звукозапис или на отделно заглавие Български
Код за езика КДБФ Български
072 #7 - Код за тематичната категория
Код организация bullib
Код за тематична категория К
Текст Краезнание
072 #7 - Код за тематичната категория
Код организация bullib
Код за тематична категория Я
Текст Автографи
080 ## - УДК
Текстов определител УДК Актьори, театрални
УДК код - определител по УДК 792.071.2
УДК определител (497.2)(092)
УДК - код + определител 792.071.2(497.2)(092)
080 ## - УДК
Текстов определител УДК Българска актриса
УДК код - определител по УДК 929 Стефанова, Елена Цвяткова
УДК - код + определител 929 Стефанова, Елена Цвяткова
100 ## - Редна дума - Автор
Автор Васев, Василен Иванов
R(LIN) 278777
139 ## - Редно поле
Редна дума Васев, Василен Иванов
Авторски знак Сте - С 75
245 10 - Сведения за заглавието
Заглавие Елена Стефанова
Подзаглавни данни Театрален портр.
Редно поле (дума) Василен Иванов Васев.
257 ## - Страна на издаване
Страна на създаване/издаване България
260 ## - Област на издателските данни
Място на издаване, разпространение и проч. София
Име на издателя, разпространителя и проч. Наука и изкуство
Година на издаване 1976
300 ## - Физическа характеристика
Страници 84 с.
Илюстрации и др. 8 л. ил.
Размери/Мащаб 20 см
380 ## - Жанр
Жанр Изкуство
490 ## - СЕРИИ (Колекции)
Име на серия Творци на сцената и екрана
9 (RLIN) 202263
500 ## - Общи забележки
Забележка 3 121 тир. - Библиогр. с. 82.
600 14 - Име на лице, използвано като предмет
За него / За нея Стефанова, Елена
9 (RLIN) 314545
650 #4 - Допълнително описание по предмет – тема
Основно описание – тема или топоним Стефанова, Елена
9 (RLIN) 314545
650 #4 - Допълнително описание по предмет – тема
Основно описание – тема или топоним Актьори, български - биографии
9 (RLIN) 241623
651 #4 - Допълнително описание по предмет - топоним
Географско понятие България
9 (RLIN) 241624
653 ## - Ключова дума – ненормативна
Ключова дума Елена Стефанова
653 ## - Ключова дума – ненормативна
Ключова дума български артисти
653 ## - Ключова дума – ненормативна
Ключова дума театрални дейци
653 ## - Ключова дума – ненормативна
Ключова дума актьори
653 ## - Ключова дума – ненормативна
Ключова дума биографии
659 ## - Тематичен бюлетин
Тематичен бюлетин К
659 ## - Тематичен бюлетин
Тематичен бюлетин Я
852 ## - Местоположение
Форматна сигнатура Цб 81722
Фондова буква Хранилище
852 ## - Местоположение
Форматна сигнатура К 792/С 75 Е
856 4# - Електронен адрес и достъп
Електронен формат pdf - файл
Инструкция (цена за достъп) 0.00
Права за достъп disable
856 4# - Електронен адрес и достъп
Електронен формат pdf - файл
Инструкция (цена за достъп) 0.00
Права за достъп disable
999 ## - СИСТЕМНИ КОНТРОЛНИ НОМЕРА
Koha biblionumber 116132
Koha biblioitemnumber 116132
942 ## - АРТИКУЛИ
Вид на библиотечния материал Книги
Скрит в OPAC Не
Периодичен библиозапис Да
944 ## - СЪЗДАВАНЕ И РЕДАКЦИЯ на ЗАПИСА
Създаване/Редакция Създаване
Дата на регистрацията/редакция 08.03.2011
Статус, дата на статуса Кети Илиева
Служител, извършил регистрацията/редакцията 30550
944 ## - СЪЗДАВАНЕ И РЕДАКЦИЯ на ЗАПИСА
Създаване/Редакция Редакция
Дата на регистрацията/редакция 29.08.2017
Статус, дата на статуса ф / 07.03.2011
Служител, извършил регистрацията/редакцията Людмила_Стоянова
944 ## - СЪЗДАВАНЕ И РЕДАКЦИЯ на ЗАПИСА
Създаване/Редакция Редакция
Дата на регистрацията/редакция 2022-10-18
Служител, извършил регистрацията/редакцията ВП
999 ## - СИСТЕМНИ КОНТРОЛНИ НОМЕРА
Koha biblioitemnumber 116132
999 ## - СИСТЕМНИ КОНТРОЛНИ НОМЕРА
Koha biblioitemnumber 116132
Наличности
Код за отписване Код за изгубен артикул Източник на класификационната схема Код за повреда Коз за рестрикции Код за отдаване Артикулен № Име на библиотеката - собственик Име на библиотеката, в която се намира в момента Статус (Текущо местоположение) Дата на вписване в системата Местоположение - отдел Цена в лева Инвентарен номер Систематично азбучна сигнатура Баркод Номер на екземпляра Цена в евро Служебна бележка Служебен тип на артикула Номерация (Хронология)
Изтеглен Не е изгубен Universal Decimal Classification Не е повреден без рестрикции заемане за дома 186978 Регионална библиотека "Любен Каравелов" Русе Регионална библиотека "Любен Каравелов" Русе Отдел Изкуство - подръчен фонд 1976-01-01 Отдел Изкуство - подръчен фонд 0.54 209572 792(497.2)(092)/С 75 209572 1 0.28 Дост: Pk Вид: Ф N: стар фонд Дата: 01.01.1976 Дата инв: 18.06.2012 Бележки инв: * Книги  
  Не е изгубен Universal Decimal Classification Не е повреден без рестрикции заемане за дома 186979 Регионална библиотека "Любен Каравелов" Русе Регионална библиотека "Любен Каравелов" Русе Отдел Изкуство - подръчен фонд 1976-01-01 Отдел Изкуство - подръчен фонд 0.54 209568 792(497.2)(092)/С 75 120000209568 2 0.28 Дост: Pk Вид: Ф N: стар фонд Дата: 01.01.1976 Дата инв: 05.04.2017 Бележки инв: ИП2017 Книги  
Изтеглен Не е изгубен Universal Decimal Classification Не е повреден без рестрикции заемане за дома 186980 Регионална библиотека "Любен Каравелов" Русе Регионална библиотека "Любен Каравелов" Русе Отдел Изкуство - подръчен фонд 1976-01-01 Отдел Изкуство - подръчен фонд 0.54 209570 792(497.2)(092)/С 75 209570 3 0.28 Дост: Pk Вид: Ф N: стар фонд Дата: 01.01.1976 Дата инв: 05.04.2017 Бележки инв: ИП2017 Книги  
  Не е изгубен Universal Decimal Classification Не е повреден само за читалня ползва се в читалня 186981 Регионална библиотека "Любен Каравелов" Русе Регионална библиотека "Любен Каравелов" Русе Краезнание 1976-01-01 Краезнание 0.54 209573 К 792/С 75 Е 120000209573 4 0.28 Дост: Pk Вид: Ф N: стар фонд Дата: 01.01.1976 Дата инв: 06.11.2017 Бележки инв: К2017 Книги  
  Не е изгубен Universal Decimal Classification Не е повреден само за читалня ползва се в читалня 186982 Регионална библиотека "Любен Каравелов" Русе Регионална библиотека "Любен Каравелов" Русе Хранилище 1976-01-01 Хранилище 0.54 209334 Цб 81722 120000209334 5 0.28 Дост: Dp Вид: Д N: стар фонд Дата: 01.01.1976 Книги  
  Не е изгубен Universal Decimal Classification Не е повреден само за читалня ползва се в читалня 186983 Регионална библиотека "Любен Каравелов" Русе Регионална библиотека "Любен Каравелов" Русе Краезнание 2017-03-31 Краезнание 9.00 120000809687 К 792/С 75 120000809687 6 4.60 Дост: DA Вид: А N: 16 Дата: 31.03.2017 Дата инв: 06.11.2017 Бележки инв: К2017 Книги Автограф: Елена Стефанова
Vip Innovations Ltd, Rousse, Bulgaria 2025